[Event "Guimaraes op 3rd"]
[Site "Guimaraes"]
[Date "2019.08.31"]
[Round "5"]
[White "Tevar Becerra, Alvaro"]
[Black "Areal, Maria Beatriz Moura"]
[Result "1-0"]
[WhiteElo "1990"]
[BlackElo "1141"]
[PlyCount "59"]
[EventDate "2019.08.28"]
[EventType "swiss"]
[EventRounds "7"]
[EventCountry "POR"]
[SourceTitle "EXT 2020"]
[Source "ChessBase"]
[SourceDate "2019.10.17"]
[SourceVersion "1"]
[SourceVersionDate "2019.10.17"]
[SourceQuality "1"]

1. e4 c5 2. Nf3 Nc6 3. Bb5 g6 4. 0-0 Bg7 5. Re1 Qb6 6. Bxc6 Qxc6 7. c3 Nf6 8. e5 Nd5 9. d4 cxd4 10. Nxd4 Qa6 11. Nf5 gxf5 12. Qxd5 Qg6 13. Bf4 0-0 14. Nd2 Rb8 15. Re3 Qb6 16. Nc4 Qd8 17. Rg3 Kh8 18. Qd3 e6 19. Bg5 Qc7 20. Bf6 Bxf6 21. exf6 d5 22. Rg7 Rg8 23. Rxg8+ Kxg8 24. Nd2 Qe5 25. c4 Ra8 26. cxd5 exd5 27. Qb5 a6 28. Qb6 Qe8 29. Qc7 Qd7 30. Qg3+ 1-0

[Event "Collado Villalba 64 op 6th"]
[Site "Collado Villalba"]
[Date "2018.07.10"]
[Round "4"]
[White "Tevar Becerra, Alvaro"]
[Black "Gonzalez Berrendero, Carlos"]
[Result "1-0"]
[WhiteElo "1967"]
[BlackElo "1821"]
[PlyCount "69"]
[EventDate "2018.07.08"]
[EventType "swiss"]
[EventRounds "7"]
[EventCountry "ESP"]
[SourceTitle "EXT 2019"]
[Source "ChessBase"]
[SourceDate "2018.10.10"]
[SourceVersion "1"]
[SourceVersionDate "2018.10.10"]
[SourceQuality "1"]

1. e4 c5 2. Nc3 d6 3. g3 Nf6 4. Bg2 Nc6 5. Nge2 g6 6. 0-0 Bg7 7. d3 0-0 8. h3 Rb8 9. Be3 b5 10. Qd2 Ne5 11. f4 Ned7 12. Nd1 Bb7 13. c3 a6 14. Nf2 Qc7 15. Rac1 Rfd8 16. Qc2 c4 17. d4 d5 18. e5 Ne8 19. f5 Nf8 20. Ng4 Bc8 21. f6 Bxg4 22. fxg7 Nxg7 23. hxg4 Qd7 24. Bf3 Nfe6 25. Qd1 Rb6 26. Nf4 Nc7 27. Qe2 Nge6 28. Qg2 g5 29. Nxe6 Nxe6 30. Bd1 h6 31. Bc2 Nc7 32. Qh3 Kg7 33. Qh5 a5 34. Bxg5 Rg6 35. Bxh6+ 1-0

[Event "ESP-ch U18"]
[Site "Salobrena"]
[Date "2015.07.28"]
[Round "3"]
[White "Buiza Prieto, Eihartze"]
[Black "Tevar Becerra, Alvaro"]
[Result "1-0"]
[WhiteElo "2095"]
[BlackElo "1857"]
[PlyCount "113"]
[EventDate "2015.07.27"]
[EventType "swiss"]
[EventRounds "9"]
[EventCountry "ESP"]
[SourceTitle "EXT 2016"]
[Source "ChessBase"]
[SourceDate "2015.10.08"]
[SourceVersion "1"]
[SourceVersionDate "2015.10.08"]
[SourceQuality "1"]

1. e4 e5 2. Nf3 Nc6 3. Bc4 g6 4. d4 exd4 5. Nxd4 Bg7 6. Nxc6 bxc6 7. 0-0 Ne7 8. Nc3 0-0 9. f4 d5 10. exd5 cxd5 11. Nxd5 Nf5 12. c3 Qd6 13. Bb3 Qc5+ 14. Kh1 Ba6 15. Re1 Rad8 16. Qf3 Bb5 17. Be3 Nxe3 18. Rxe3 Rfe8 19. Rae1 Rxe3 20. Rxe3 Kf8 21. h3 Bc6 22. Rd3 Bb5 23. Qe3 Qxe3 24. Rxe3 c6 25. Nc7 Bh6 26. g3 Bf1 27. h4 Rc8 28. Kg1 Bh3 29. Na6 Rd8 30. Re2 Rd3 31. Kh2 Bg4 32. Rf2 Ke7 33. Nb4 Rd6 34. Nc2 Bg7 35. Ne3 Bc8 36. Nc4 Rd3 37. Rd2 Rxd2+ 38. Nxd2 Be6 39. Kg2 Bd5+ 40. Kf2 Kd6 41. Ke3 f5 42. Bxd5 Kxd5 43. Kd3 Bf8 44. Nf3 Bc5 45. c4+ Ke6 46. Ke2 Be7 47. Ng5+ Kd6 48. Nxh7 Kc5 49. Kd3 Kb4 50. Ng5 Bf6 51. Ne6 Bxb2 52. Nf8 Bc3 53. Nxg6 Be1 54. h5 Bxg3 55. h6 Be1 56. h7 Bc3 57. Ne5 1-0

[Event "Madrid San Viator op 21st"]
[Site "Madrid"]
[Date "2013.10.12"]
[Round "3"]
[White "Madurga Lopez, Ignacio"]
[Black "Tevar Becerra, Alvaro"]
[Result "1-0"]
[WhiteElo "2074"]
[BlackElo "1647"]
[PlyCount "79"]
[EventDate "2013.09.29"]
[EventType "swiss"]
[EventRounds "9"]
[EventCountry "ESP"]
[SourceTitle "EXT 2015"]
[Source "ChessBase"]
[SourceDate "2014.11.20"]
[SourceVersion "1"]
[SourceVersionDate "2014.11.20"]
[SourceQuality "1"]

1. e4 e5 2. Bc4 Nf6 3. d4 exd4 4. Nf3 Qe7 5. 0-0 d6 6. Re1 Be6 7. Bxe6 fxe6 8. Qxd4 Nc6 9. Qa4 0-0-0 10. b4 d5 11. Ba3 Nxe4 12. b5 Qf6 13. bxc6 Qxa1 14. Qb3 bxc6 15. Bb2 Nc5 16. Bxa1 Nxb3 17. axb3 Re8 18. Ne5 Kb7 19. Nf7 Rg8 20. Ng5 e5 21. Bxe5 Bd6 22. f4 Rgf8 23. Nf3 Rf7 24. Nbd2 h6 25. g3 g5 26. Bxd6 Rxe1+ 27. Nxe1 cxd6 28. fxg5 hxg5 29. g4 c5 30. Nef3 Rg7 31. Nf1 Kc6 32. Ne3 Re7 33. Kf2 d4 34. Nf5 Re4 35. h3 Rf4 36. Kg3 a5 37. Nxg5 Rf1 38. Nf3 Rc1 39. g5 Rxc2 40. N5xd4+ 1-0

[Event "Villalba op 1st"]
[Site "Villalba"]
[Date "2013.08.04"]
[Round "9.28"]
[White "Barria Arbunic, Manuel"]
[Black "Tevar Becerra, Alvaro"]
[Result "1/2-1/2"]
[WhiteElo "1506"]
[BlackElo "1664"]
[PlyCount "65"]
[EventDate "2013.07.27"]
[EventType "swiss"]
[EventRounds "9"]
[EventCountry "ESP"]
[SourceTitle "EXT 2024"]
[Source "ChessBase"]
[SourceDate "2023.10.10"]
[SourceVersion "1"]
[SourceVersionDate "2023.10.10"]
[SourceQuality "1"]

1. d4 Nf6 2. c4 g6 3. Nc3 Bg7 4. Nf3 0-0 5. e4 d6 6. Be2 e5 7. dxe5 dxe5 8. Qxd8 Rxd8 9. Bg5 Re8 10. 0-0-0 Bg4 11. h3 Bxf3 12. Bxf3 Nc6 13. Be3 Rad8 14. Rxd8 Rxd8 15. Rd1 Rxd1+ 16. Bxd1 Nd4 17. f3 c5 18. Nd5 Kf8 19. Kd2 Ne8 20. Kd3 h6 21. Kd2 Nd6 22. Kd3 a6 23. b3 b5 24. a4 b4 25. Bg1 a5 26. Bh2 h5 27. Bg3 f5 28. Bf2 Kf7 29. g4 f4 30. g5 Ke6 31. h4 Kf7 32. Kd2 Ke6 33. Kd3 1/2-1/2

[Event "Villalba op 1st"]
[Site "Villalba"]
[Date "2013.08.01"]
[Round "6.23"]
[White "Tevar Becerra, Alvaro"]
[Black "San Felipe Gonzalez, Tomas"]
[Result "0-1"]
[WhiteElo "1664"]
[BlackElo "1726"]
[PlyCount "70"]
[EventDate "2013.07.27"]
[EventType "swiss"]
[EventRounds "9"]
[EventCountry "ESP"]
[SourceTitle "EXT 2024"]
[Source "ChessBase"]
[SourceDate "2023.10.10"]
[SourceVersion "1"]
[SourceVersionDate "2023.10.10"]
[SourceQuality "1"]

1. e4 c5 2. Nf3 e6 3. c3 Nf6 4. e5 Nd5 5. d4 cxd4 6. cxd4 d6 7. Nc3 Nc6 8. Bb5 Bd7 9. Nxd5 exd5 10. Qe2 Qe7 11. Bg5 Qe6 12. exd6 Qxe2+ 13. Kxe2 Bxd6 14. Rhe1 0-0 15. Kf1 Rfe8 16. Rac1 h6 17. Be3 Rac8 18. a3 a6 19. Bd3 Be7 20. h4 Bf6 21. b4 Na7 22. Rc5 Rxc5 23. dxc5 Bb5 24. Bxb5 Nxb5 25. a4 Nc3 26. Ra1 Ne4 27. Rb1 Re7 28. Ke2 Nc3+ 29. Kd2 Nxb1+ 30. Kc2 Na3+ 31. Kd3 Nc4 32. Bf4 Re4 33. Bd6 Nxd6 34. cxd6 Re6 35. d7 Rd6 0-1

[Event "Villalba op 1st"]
[Site "Villalba"]
[Date "2013.07.30"]
[Round "4.19"]
[White "Ballina Amandi, Casimiro"]
[Black "Tevar Becerra, Alvaro"]
[Result "1-0"]
[WhiteElo "1888"]
[BlackElo "1664"]
[PlyCount "91"]
[EventDate "2013.07.27"]
[EventType "swiss"]
[EventRounds "9"]
[EventCountry "ESP"]
[SourceTitle "EXT 2024"]
[Source "ChessBase"]
[SourceDate "2023.10.10"]
[SourceVersion "1"]
[SourceVersionDate "2023.10.10"]
[SourceQuality "1"]

1. e4 e5 2. Nf3 Nc6 3. Bb5 a6 4. Ba4 Nf6 5. d4 b5 6. Bb3 d6 7. dxe5 Nxe5 8. Nxe5 dxe5 9. Qxd8+ Kxd8 10. Bxf7 Nxe4 11. Bd5 Nxf2 12. Kxf2 Bc5+ 13. Kg3 Rb8 14. Bg5+ Kd7 15. Rf1 h6 16. Bd2 Kd6 17. Be4 h5 18. h4 Bg4 19. Nc3 Bd4 20. Rad1 Bxd1 21. Rxd1 Rhf8 22. Ne2 Ke6 23. Nxd4+ exd4 24. Bf4 Rbd8 25. Bxc7 Rd7 26. Bb6 Ke5 27. Bf3 Rc8 28. c3 d3 29. Bd4+ Rxd4 30. cxd4+ Kxd4 31. Be2 Rc2 32. Rxd3+ Ke4 33. Bf1 Rxb2 34. Ra3 b4 35. Rxa6 b3 36. axb3 Rxb3+ 37. Kh2 Kf5 38. g3 Re3 39. Ra5+ Kg6 40. Rg5+ Kh6 41. Bc4 Rf3 42. Kg2 Rf6 43. Be2 g6 44. Bf3 Re6 45. Kf2 Kg7 46. Bxh5 1-0

[Event "Villalba op 1st"]
[Site "Villalba"]
[Date "2013.07.29"]
[Round "3.18"]
[White "Diaz Begonte, Manuel"]
[Black "Tevar Becerra, Alvaro"]
[Result "1/2-1/2"]
[WhiteElo "1851"]
[BlackElo "1664"]
[PlyCount "103"]
[EventDate "2013.07.27"]
[EventType "swiss"]
[EventRounds "9"]
[EventCountry "ESP"]
[SourceTitle "EXT 2024"]
[Source "ChessBase"]
[SourceDate "2023.10.10"]
[SourceVersion "1"]
[SourceVersionDate "2023.10.10"]
[SourceQuality "1"]

1. e4 e5 2. Nf3 Nc6 3. Bb5 a6 4. Ba4 Nf6 5. 0-0 b5 6. Bb3 Bc5 7. c3 0-0 8. d4 exd4 9. cxd4 Bb6 10. e5 Ne8 11. d5 Nb8 12. Bg5 f6 13. exf6 Nxf6 14. d6+ Kh8 15. Ne5 Qe8 16. Bxf6 Rxf6 17. Qd5 c6 18. Qe4 Qf8 19. Kh1 Bc5 20. Ng4 Rf4 21. Qe2 Bxd6 22. Nc3 Bb7 23. Rad1 c5 24. Nd5 Bxd5 25. Bxd5 Nc6 26. f3 Re8 27. Qd3 Rd4 28. Qc2 Rxd1 29. Rxd1 Nd4 30. Qd3 Re2 31. Ne3 Qf4 32. Nf1 Rf2 33. g3 Qh6 34. Re1 g6 35. f4 Qh3 36. Kg1 Rxf4 37. Bg2 Qf5 38. Qe3 Nf3+ 39. Bxf3 Rxf3 40. Qh6 Qf8 41. Qd2 c4 42. Qd4+ Kg8 43. Qd5+ Rf7 44. Nd2 Kh8 45. Ne4 Be7 46. Kg2 d6 47. Re2 Rf5 48. Qb7 d5 49. Nc3 Bc5 50. Nxd5 Rf2+ 51. Rxf2 Qxf2+ 52. Kh3 1/2-1/2

[Event "Madrid Gredos San Diego op"]
[Site "Madrid"]
[Date "2013.04.28"]
[Round "5"]
[White "Tevar Becerra, Alvaro"]
[Black "Lacaci Otero, Ivan"]
[Result "1-0"]
[WhiteElo "1616"]
[BlackElo "1694"]
[PlyCount "66"]
[EventDate "2013.04.25"]
[EventType "swiss"]
[EventRounds "5"]
[EventCountry "ESP"]
[SourceTitle "EXT 2015"]
[Source "ChessBase"]
[SourceDate "2014.11.20"]
[SourceVersion "1"]
[SourceVersionDate "2014.11.20"]
[SourceQuality "1"]

1. e4 c5 2. Nf3 d6 3. Bb5+ Nc6 4. Bxc6+ bxc6 5. 0-0 e5 6. Re1 Nf6 7. c3 Bg4 8. h3 Bh5 9. d3 Be7 10. Nbd2 0-0 11. Nc4 d5 12. exd5 cxd5 13. Ncxe5 Qc7 14. Bg5 h6 15. Bh4 Rfe8 16. Bg3 Bd6 17. d4 Ne4 18. Qb3 Bxf3 19. gxf3 Nd2 20. Qxd5 Bxe5 21. Bxe5 Qb6 22. dxc5 Qg6+ 23. Kh2 Red8 24. Bd6 Qg5 25. Qxg5 hxg5 26. Kg3 Nc4 27. b3 Nxd6 28. cxd6 Rxd6 29. Rad1 Rh6 30. Rd7 Rc8 31. c4 Rcc6 32. Re8+ Kh7 33. Rxf7 Rh4 1-0

[Event "Madrid Oliver Gonzalez Memorial-B 3rd"]
[Site "Madrid"]
[Date "2012.09.09"]
[Round "9"]
[White "Tevar Becerra, Alvaro"]
[Black "Rodriguez Bernal, Herman"]
[Result "1/2-1/2"]
[WhiteElo "1559"]
[BlackElo "1780"]
[PlyCount "35"]
[EventDate "2012.09.01"]
[EventType "swiss"]
[EventRounds "9"]
[EventCountry "ESP"]
[SourceTitle "CBM 150 Extra"]
[Source "ChessBase"]
[SourceDate "2012.10.19"]
[SourceVersion "1"]
[SourceVersionDate "2012.10.19"]
[SourceQuality "1"]

1. e4 e5 2. Nf3 Nf6 3. Nc3 Nc6 4. Bb5 d6 5. d4 exd4 6. Nxd4 Bd7 7. Nxc6 Bxc6 8. Bxc6+ bxc6 9. Bg5 Be7 10. 0-0 0-0 11. Qd3 Rb8 12. b3 h6 13. Bf4 Nd7 14. Rad1 Nc5 15. Qe3 Re8 16. e5 d5 17. Qg3 Kh7 18. Ne2 1/2-1/2

[Event "Madrid Oliver Gonzalez Memorial-B 3rd"]
[Site "Madrid"]
[Date "2012.09.08"]
[Round "8"]
[White "Sanchez Gomez, Emiliano"]
[Black "Tevar Becerra, Alvaro"]
[Result "1/2-1/2"]
[WhiteElo "1933"]
[BlackElo "1559"]
[PlyCount "72"]
[EventDate "2012.09.01"]
[EventType "swiss"]
[EventRounds "9"]
[EventCountry "ESP"]
[SourceTitle "CBM 150 Extra"]
[Source "ChessBase"]
[SourceDate "2012.10.19"]
[SourceVersion "1"]
[SourceVersionDate "2012.10.19"]
[SourceQuality "1"]

1. e4 e5 2. Nf3 Nc6 3. Bb5 d6 4. d4 Bd7 5. Nc3 exd4 6. Nxd4 Nxd4 7. Bxd7+ Qxd7 8. Qxd4 c5 9. Qd3 Nf6 10. h3 Be7 11. Bf4 Rd8 12. 0-0 0-0 13. Rad1 a6 14. a4 Qc6 15. Rfe1 Rd7 16. b3 Rfd8 17. Nd5 Nxd5 18. exd5 Qc7 19. Re2 Bf8 20. Rde1 h6 21. c4 Re7 22. Qg3 Rxe2 23. Rxe2 g6 24. Bd2 Qd7 25. Qe3 b6 26. Bc3 Bg7 27. Bxg7 Kxg7 28. Qc3+ Kg8 29. Qf6 Re8 30. Rxe8+ Qxe8 31. Qxd6 Qe1+ 32. Kh2 Qxf2 33. Qe5 f6 34. Qg3 Qf5 35. Qe3 h5 36. h4 Kf7 1/2-1/2

[Event "Madrid Oliver Gonzalez Memorial-B 3rd"]
[Site "Madrid"]
[Date "2012.09.02"]
[Round "2"]
[White "Leniz Martinez, Francisco"]
[Black "Tevar Becerra, Alvaro"]
[Result "0-1"]
[WhiteElo "1834"]
[BlackElo "1559"]
[PlyCount "110"]
[EventDate "2012.09.01"]
[EventType "swiss"]
[EventRounds "9"]
[EventCountry "ESP"]
[SourceTitle "CBM 150 Extra"]
[Source "ChessBase"]
[SourceDate "2012.10.19"]
[SourceVersion "1"]
[SourceVersionDate "2012.10.19"]
[SourceQuality "1"]

1. c4 e5 2. g3 Nf6 3. Bg2 c6 4. Nc3 d5 5. cxd5 cxd5 6. Qb3 e4 7. e3 Nc6 8. a3 Ne5 9. Bf1 a6 10. Qa4+ Bd7 11. Qd1 Bg4 12. Qc2 Bf3 13. Nxf3 Nxf3+ 14. Kd1 Ng4 15. Nxe4 Rc8 16. Qa4+ b5 17. Bxb5+ axb5 18. Qxb5+ Qd7 19. Qxd7+ Kxd7 20. h3 Nxe3+ 21. fxe3 dxe4 22. b4 Bd6 23. Bb2 Bxg3 24. Bxg7 Rhg8 25. Bc3 Be5 26. Bxe5 Nxe5 27. Rc1 Nd3 28. Rxc8 Rxc8 29. Ke2 Ra8 30. Rg1 Rxa3 31. Rg7 Ke6 32. Rxh7 Nxb4 33. Rh4 f5 34. Rh6+ Kf7 35. h4 Ra8 36. h5 Ra6 37. Rh7+ Kg8 38. Rb7 Nd5 39. Rb5 Ne7 40. Rb2 Rh6 41. d3 Rxh5 42. Rb8+ Kf7 43. dxe4 fxe4 44. Rb4 Rh2+ 45. Ke1 Rh4 46. Rb5 Ke6 47. Ra5 Nd5 48. Ra6+ Ke5 49. Ra5 Kd6 50. Ra6+ Kc5 51. Ra5+ Kc4 52. Ra4+ Kd3 53. Ra3+ Nc3 54. Kf2 Rh2+ 55. Kf1 Re2 0-1

[Event "Collado Villalba op-B 29th"]
[Site "Collado Villalba"]
[Date "2012.08.30"]
[Round "7"]
[White "Tevar Becerra, Alvaro"]
[Black "Garcia Castineira, Ivan"]
[Result "1/2-1/2"]
[WhiteElo "1566"]
[BlackElo "1702"]
[PlyCount "59"]
[EventDate "2012.08.24"]
[EventType "swiss"]
[EventRounds "9"]
[EventCountry "ESP"]
[SourceTitle "CBM 150 Extra"]
[Source "ChessBase"]
[SourceDate "2012.10.19"]
[SourceVersion "1"]
[SourceVersionDate "2012.10.19"]
[SourceQuality "1"]

1. e4 c5 2. Nf3 d6 3. Bb5+ Bd7 4. Bxd7+ Nxd7 5. 0-0 g6 6. c3 Ngf6 7. Re1 Bg7 8. d4 cxd4 9. cxd4 0-0 10. Nc3 Rc8 11. Bg5 Nb6 12. Qb3 Qc7 13. Rac1 Qc4 14. Qxc4 Rxc4 15. b3 Rcc8 16. e5 dxe5 17. dxe5 Nfd5 18. Nxd5 Nxd5 19. Rc4 b5 20. Rce4 e6 21. R4e2 Rc6 22. Nd4 Rc5 23. b4 Rc4 24. Nxb5 a6 25. Nd6 Rxb4 26. Rc1 Rfb8 27. Rec2 Bxe5 28. Rc8+ Rxc8 29. Rxc8+ Kg7 30. Ne8+ 1/2-1/2

[Event "Collado Villalba op-B 29th"]
[Site "Collado Villalba"]
[Date "2012.08.28"]
[Round "5"]
[White "Lacaci Otero, Ivan"]
[Black "Tevar Becerra, Alvaro"]
[Result "1-0"]
[WhiteElo "1686"]
[BlackElo "1566"]
[PlyCount "88"]
[EventDate "2012.08.24"]
[EventType "swiss"]
[EventRounds "9"]
[EventCountry "ESP"]
[SourceTitle "CBM 150 Extra"]
[Source "ChessBase"]
[SourceDate "2012.10.19"]
[SourceVersion "1"]
[SourceVersionDate "2012.10.19"]
[SourceQuality "1"]

1. e4 e5 2. Nc3 Nf6 3. f4 Nc6 4. Nf3 d6 5. d4 Bg4 6. Bb5 a6 7. Bxc6+ bxc6 8. dxe5 dxe5 9. Qxd8+ Rxd8 10. Nxe5 Bb4 11. 0-0 Bxc3 12. bxc3 Be2 13. Nxc6 Bxf1 14. Nxd8 Bb5 15. Rb1 0-0 16. Nb7 Nxe4 17. Ba3 Rb8 18. Nc5 Nxc3 19. Rb3 Ne2+ 20. Kf2 Re8 21. Re3 Rxe3 22. Kxe3 Nc3 23. g3 Nxa2 24. Kd4 a5 25. c4 Bc6 26. Na6 Bb7 27. Nxc7 Nb4 28. Bxb4 axb4 29. c5 Kf8 30. Kc4 b3 31. Kxb3 Ke7 32. Kc4 Kd7 33. Nd5 Ba6+ 34. Kd4 Bf1 35. Ne3 Be2 36. g4 f6 37. h4 Bf3 38. g5 Ke6 39. f5+ Kd7 40. g6 hxg6 41. fxg6 Bh5 42. Nf5 Bxg6 43. Nxg7 Bh7 44. Nh5 f5 1-0

[Event "Mostoles op 5th"]
[Site "Mostoles"]
[Date "2012.07.19"]
[Round "1"]
[White "Gal, Eugen"]
[Black "Tevar Becerra, Alvaro"]
[Result "1-0"]
[WhiteElo "2030"]
[BlackElo "1578"]
[PlyCount "43"]
[EventDate "2012.07.19"]
[EventType "swiss"]
[EventRounds "9"]
[EventCountry "ESP"]
[SourceTitle "EXT 2013"]
[Source "ChessBase"]
[SourceDate "2012.11.22"]
[SourceVersion "1"]
[SourceVersionDate "2012.11.22"]
[SourceQuality "1"]

1. e4 e5 2. Nf3 Nc6 3. Bc4 Bc5 4. b4 Bxb4 5. c3 Bc5 6. 0-0 Nf6 7. d4 exd4 8. e5 d5 9. exf6 dxc4 10. fxg7 Rg8 11. Bg5 Qd5 12. cxd4 Bxd4 13. Nc3 Qd6 14. Nb5 Qg6 15. Nxc7+ Kd7 16. Nb5 Qxg7 17. Nbxd4 Nxd4 18. Nxd4 Ke8 19. Re1+ Be6 20. Nxe6 fxe6 21. Rxe6+ Kf7 22. Re7+ 1-0

[Event "ESP-ch U12"]
[Site "Salobrena"]
[Date "2012.07.06"]
[Round "8.11"]
[White "Ros Alonso, Jaume"]
[Black "Tevar Becerra, Alvaro"]
[Result "1-0"]
[WhiteElo "1713"]
[BlackElo "1578"]
[PlyCount "41"]
[EventDate "2012.07.02"]
[EventType "swiss"]
[EventRounds "9"]
[EventCountry "ESP"]
[SourceTitle "EXT 2024"]
[Source "ChessBase"]
[SourceDate "2023.10.10"]
[SourceVersion "1"]
[SourceVersionDate "2023.10.10"]
[SourceQuality "1"]

1. e4 e5 2. Nf3 Nc6 3. d4 exd4 4. Nxd4 g6 5. Nxc6 bxc6 6. Nc3 Bg7 7. Bc4 Ne7 8. 0-0 Bb7 9. Re1 0-0 10. Bg5 Kh8 11. e5 f6 12. exf6 Bxf6 13. Bxf6+ Rxf6 14. Ne4 Nf5 15. Nxf6 Qxf6 16. Qxd7 Ng7 17. Qxc7 Qxb2 18. Rab1 Qc3 19. Qxb7 Rf8 20. Qb4 Qxc2 21. Qxf8# 1-0

[Event "Madrid Oliver Gonzalez Memorial 2nd"]
[Site "Madrid"]
[Date "2011.10.16"]
[Round "9"]
[White "Tevar Becerra, Alvaro"]
[Black "Galan Aguado, Fernando"]
[Result "0-1"]
[WhiteElo "1477"]
[BlackElo "1779"]
[PlyCount "152"]
[EventDate "2011.10.08"]
[EventType "swiss"]
[EventRounds "9"]
[EventCountry "ESP"]
[SourceTitle "CBM 144 Extra"]
[Source "ChessBase"]
[SourceDate "2011.10.28"]
[SourceVersion "1"]
[SourceVersionDate "2011.10.28"]
[SourceQuality "1"]

1. e4 e6 2. d4 d5 3. Nc3 dxe4 4. Nxe4 Bd7 5. Nf3 Bc6 6. Bd3 Nd7 7. 0-0 Ngf6 8. Bg5 Be7 9. Nxf6+ Bxf6 10. Be3 0-0 11. Re1 b6 12. Qe2 Qe7 13. Bb5 Bxb5 14. Qxb5 a6 15. Qc4 Rfc8 16. Rad1 c5 17. d5 b5 18. Qe4 Nf8 19. d6 Qd7 20. Ne5 Bxe5 21. Qxe5 c4 22. Bd4 f6 23. Qg3 Qf7 24. Re3 Re8 25. Rde1 Nd7 26. Rf3 Rac8 27. Bc3 Rc5 28. h3 Rd5 29. Re2 e5 30. Rd2 Rxd2 31. Bxd2 Nc5 32. Qg4 Rd8 33. Bb4 Nb7 34. b3 a5 35. Bc3 Qd5 36. Re3 b4 37. bxc4 Qxd6 38. Rd3 Qc6 39. Rxd8+ Nxd8 40. Bd2 Ne6 41. Be3 Nd8 42. Qd1 Nb7 43. Qd5+ Qxd5 44. cxd5 Kf7 45. Ba7 Ke7 46. Bb8 Kd7 47. f4 e4 48. Kf2 f5 49. Ke3 Nd6 50. Ba7 Nb5 51. Bb6 Na3 52. Bxa5 Nc4+ 53. Kd4 Nxa5 54. c3 bxc3 55. Kxc3 Kd6 56. Kd4 Nb7 57. a4 Na5 58. g4 g6 59. g5 Nb7 60. Kc4 Nc5 61. Kd4 Nxa4 62. Ke3 Nb6 63. h4 Nxd5+ 64. Ke2 Nxf4+ 65. Ke3 Ng2+ 66. Kf2 Nxh4 67. Ke3 Ke5 68. Ke2 Nf3 69. Ke3 Nxg5 70. Ke2 Kf4 71. Kf2 e3+ 72. Kg2 Ne4 73. Kh1 Kf3 74. Kh2 Kf2 75. Kh3 e2 76. Kh4 e1Q 0-1